000 00540nam a2200217 a 4500
001 BS0000332
003 BR-BrBNA
005 20230912164013.0
008 230308b |||||||| |||| 00| 0 por d
040 _aBR-BrBNA
_bpor
_cBiblioteca Nacional de Agricultura
041 _apor
072 _aS86
090 _aS86 BS0000332
100 1 _aPimentel, José de Alencar.
245 1 _aRelaxe.. /
260 3 _aFortaleza:
_bTiprogresso,
_cs.d..
300 _a148 p.
650 _aLITERATURA BRASILEIRA
650 _aPOESIA
942 _cBK
_2AGRIS
999 _c5395
_d5395